Zarvos v Pradhan and another (Record no. 72581)

MARC details
000 -LEADER
fixed length control field 01310cam a2200229 4500
001 - CONTROL NUMBER
control field ABS66616
008 - FIXED-LENGTH DATA ELEMENTS--GENERAL INFORMATION
fixed length control field 030429n2003 000 0 eng u
035 ## - SYSTEM CONTROL NUMBER
System control number (Sirsi) u122135
245 ## - TITLE STATEMENT
Title Zarvos v Pradhan and another
260 ## - PUBLICATION, DISTRIBUTION, ETC.
Date of publication, distribution, etc. 2003
490 ## - SERIES STATEMENT
Series statement Estates Gazette
Volume/sequential designation [2003] 26 EG 180-186(7)
520 ## - SUMMARY, ETC.
Summary, etc. [2003] EWCA Civ 208, 2003. Appeal by the landlord (Z) from a decision that he was not entitled to oppose the grant of a new business tenancy to the respondent tenants (P) under the Landlord and Tenant Act 1954 s30(1)(g). Z's grounds for opposing the application were that he intended to occupy the premises for carrying out his own restaurant business. Z appealed that it was not clear whether the judge had held that he had no genuine intention or whether he had a genuine intention but could not carry it out. "Held", the appeal was dismissed. View judgment at www.bailii.org.
590 ## - LOCAL NOTE (RLIN)
Local note ABS
650 ## - SUBJECT ADDED ENTRY--TOPICAL TERM
Topical term or geographic name entry element ZARVOS V PRADHAN
650 ## - SUBJECT ADDED ENTRY--TOPICAL TERM
Topical term or geographic name entry element BUSINESS TENANCIES
650 ## - SUBJECT ADDED ENTRY--TOPICAL TERM
Topical term or geographic name entry element TERMINATION
650 ## - SUBJECT ADDED ENTRY--TOPICAL TERM
Topical term or geographic name entry element LANDLORD AND TENANT ACT 1954 S30(1)(G)
650 ## - SUBJECT ADDED ENTRY--TOPICAL TERM
Topical term or geographic name entry element INTENTION TO OCCUPY
690 ## - LOCAL SUBJECT ADDED ENTRY--TOPICAL TERM (OCLC, RLIN)
Topical term or geographic name as entry element LANDLORD AND TENANT-BUSINESS TENANCIES-CASE LAW
856 ## - ELECTRONIC LOCATION AND ACCESS
Uniform Resource Identifier <a href="https://www.bailii.org/cgi-bin/markup.cgi?doc=/ew/cases/EWCA/Civ/2003/208.html&query=Zarvos">https://www.bailii.org/cgi-bin/markup.cgi?doc=/ew/cases/EWCA/Civ/2003/208.html&query=Zarvos</a>
Public note View judgment on BAILII website.
942 ## - ADDED ENTRY ELEMENTS (KOHA)
Suppress in OPAC 0
Holdings
Withdrawn status Lost status Source of classification or shelving scheme Damaged status Not for loan Home library Current library Shelving location Date acquired Total Checkouts Full call number Barcode Date last seen Copy number Price effective from Koha item type
    Dewey Decimal Classification     London London Journal article 29/04/2003   ABS66616 122135-1001 06/08/2019 1 06/08/2019 Law report